• 首页
  • 本馆介绍
  • 公告通知
  • 最新文献
  • 馆藏检索
  • 电子资源
  • 读者导购
  • 参考咨询
  • 我的图书馆
  • 登录
  • 详细信息显示
  • 放入我的书架
  • 预约/预借图书
  • 作者相关作品
  • 分类相关作品
  • 丛书相关作品
  • 出版社相关作品

书目信息

  • 表格格式
  • 工作单格式
  • 卡片格式
题名:
西方学术界新动向
    
 
作者: 陆象淦 主编
分册:  
出版信息: 北京   社会科学文献出版社  2005
页数: 305页
开本: 24cm
丛书名: 思潮
单 册:
中图分类: B82-061
科图分类:
主题词: 人道主义--研究--西方国家 , 人道主义
电子资源:
ISBN: 7-80190-593-8
000 01025nam0 2200265 450
001 003007528
005 20061116165702.18
010    @a7-80190-593-8@dCNY32.00
100    @a20051110d2005 em y0chiy0110 ea
101 0  @achi
102    @aCN@b110000
105    @ay z 000yy
200 1  @a西方学术界新动向@9xi fang xue shu jie xin dong xiang@e寻求新人道主义@dPossibilities and limits of a new western humanism@f陆象淦主编@zeng
210    @a北京@c社会科学文献出版社@d2005
215    @a305页@d24cm
225 1  @a思潮@v01
330    @a本书分为热点聚焦、寻求新人道主义;学者点评;品位经典;先读为快;书海扫描五部分。具体内容包括人道主义与民主、生物伦理学与达尔文主义、市场与三种自由主义乌托邦等。
510 1  @aPossibilities and limits of a new western humanism@zeng
517 1  @a寻求新人道主义@9xun qiu xin ren dao zhu yi
606 0  @a人道主义@x研究@y西方国家
606 0  @a人道主义
690    @aB82-061@v4
701  0 @a陆象淦@9lu xiang gan@f(1938~)@4主编
801  0 @aCN@bNLC@c20061116
905    @a10447@dB82-061@e207
    
    西方学术界新动向:寻求新人道主义=Possibilities and limits of a new western humanism/陆象淦主编.-北京:社会科学文献出版社,2005
    305页;24cm.-(思潮;01)
    
    
    ISBN 7-80190-593-8:CNY32.00
    本书分为热点聚焦、寻求新人道主义;学者点评;品位经典;先读为快;书海扫描五部分。具体内容包括人道主义与民主、生物伦理学与达尔文主义、市场与三种自由主义乌托邦等。
●
相关链接 在E读中查询图书 在五车中查询图书 在当当中查询图书 在豆瓣中查询图书


正题名:西方学术界新动向     索取号:B82-061/207         预约/预借

序号 登录号 条形码 馆藏地/架位号 状态 备注
1 0389388   203893885   第一样本阅览室/ [索取号:B82-061/207] 在馆    
2 0389389   203893894   第一借阅区/ [索取号:B82-061/207] 在馆    
3 0389390   203893901   第一借阅区/ [索取号:B82-061/207] 在馆    
4 0389391   203893910   第一借阅区/ [索取号:B82-061/207] 在馆    
5 0389392   203893929   第一借阅区/ [索取号:B82-061/207] 在馆    
唐山师范学院图书馆 欢迎您!
大连网信软件有限公司© 版权所有